00776 2200193 4500245003700000020001800037250001100055100002000066700000900086700001900095650001700114005001900131260003000150041001400180084001100194300002700205500034100232336000900573 aOnly HopecSilvia IskandarhText a979-780-702-9 aCet. 1 aSilvia Iskandar aeNHa aGita Romadhona aNovel Remaja a20240228112506 aJakartabGagasMediac2014 aIndonesia a808.83 aiv, 268 hlm. :c19 cm. aKazu dan Hana mengikuti Masaru dari belakang. Mereka berlari sampai ke tengah-tengah lapangan olahraga untuk bergabung dengan anak-anak klub baseball. Di luar dugaan, anak-anak klub dan penduduk yang entah dari mana datangnya, berbondong-bondong berlari melewati mereka menuju gedung sekolah sambil berteriak-teriak, "TSUNAMI! TSUNAMI!" atext